000
00315nam a22001337a 4500
008
250725b |||||||| |||| 00| 0 eng d
020
_a
9780230939
050
_a
HD60
_b
.O86
100
_a
OTOBO, Dafe
245
_a
Industrial Relation
260
_a
Lagos
_b
Malthouse Press Ltd.
_c
2000
300
_a
382p.
942
_c
BK
999
_c
4373
_d
4373